Handbook of the birds of India and Pakistan : (Record no. 14588)
[ view plain ]
| 000 -LEADER | |
|---|---|
| fixed length control field | 01364nam a2200289 a 4500 |
| 001 - CONTROL NUMBER | |
| control field | 14588 |
| 003 - CONTROL NUMBER IDENTIFIER | |
| rucl marc code | BD-RjUL |
| 005 - DATE AND TIME OF LATEST TRANSACTION | |
| control field | 20211208235644.0 |
| 008 - FIXED-LENGTH DATA ELEMENTS--GENERAL INFORMATION | |
| fixed length control field | 140206s1971 n ab b 001 0 eng d |
| 035 ## - SYSTEM CONTROL NUMBER | |
| System control number | (BD-RjUL)14641 |
| 040 ## - CATALOGING SOURCE | |
| Original cataloging agency | DLC |
| Transcribing agency | DLC |
| Modifying agency | UKM |
| -- | EQO |
| -- | BD-RjUL |
| Language of cataloging | eng |
| 041 ## - LANGUAGE CODE | |
| Language code of text/sound track or separate title | eng |
| 082 ## - DEWEY DECIMAL CLASSIFICATION NUMBER | |
| Classification number | 598.0954 |
| Edition number | 23 |
| Author mark and year | ALH 1971 |
| 100 1# - MAIN ENTRY--PERSONAL NAME | |
| Personal name | Ali, Sálim, |
| Dates associated with a name | 1896-1987. |
| 9 (RLIN) | 39950 |
| 245 10 - TITLE STATEMENT | |
| Title | Handbook of the birds of India and Pakistan : |
| Remainder of title | together with those of Nepal, Sikkim, Bhutan and Ceylon / |
| Statement of responsibility, etc. | by Sálim Ali and S. Dillon Ripley. |
| 260 ## - PUBLICATION, DISTRIBUTION, ETC. (IMPRINT) | |
| Place of publication, distribution, etc. | Bombay ; |
| -- | New York : |
| Name of publisher, distributor, etc. | Oxford University Press, |
| Date of publication, distribution, etc. | 1968-1971. |
| 300 ## - PHYSICAL DESCRIPTION | |
| Pagination | v. : |
| Illustrations | ill. ; |
| Size | 26 cm. |
| 500 ## - GENERAL NOTE | |
| General note | "Sponsored by the Bombay Natural History Society." |
| 504 ## - BIBLIOGRAPHY, ETC. NOTE | |
| Bibliography, etc | Includes bibliographical reference and index. |
| 505 0# - FORMATTED CONTENTS NOTE | |
| Formatted contents note | v. 1. Divers to hawks.--v. 2. Megapodes to crab plover.--v. 3. Stone curlews to owls.--v. 4. Frogmouths to pittas.--v. 5. Larks to the grey hypocolius.--v. 6. Cuckoo-shrikes to babaxes.--v. 7. Laughing thrushes to the mangrove whistler.--v. 8. Warblers to redstarts.--v. 9. Robins to wagtails.--v. 10. Flowerpeckers to butings. |
| 650 #0 - SUBJECT ADDED ENTRY--TOPICAL TERM | |
| Topical term or geographic name as entry element | Birds |
| Geographic subdivision | India |
| 9 (RLIN) | 39951 |
| Topical term or geographic name as entry element | Birds |
| Geographic subdivision | South Asia. |
| 9 (RLIN) | 218885 |
| 700 1# - ADDED ENTRY--PERSONAL NAME | |
| Personal name | Ripley, S. Dillon |
| Fuller form of name | (Sidney Dillon), |
| Dates associated with a name | 1913-2001. |
| 710 2# - ADDED ENTRY--CORPORATE NAME | |
| Corporate name or jurisdiction name as entry element | Bombay Natural History Society. |
| 9 (RLIN) | 39954 |
| 942 ## - ADDED ENTRY ELEMENTS (KOHA) | |
| Source of classification or shelving scheme | Dewey Decimal Classification |
| Koha item type | Books |
| Lost status | Source of classification or shelving scheme | Damaged status | Not for loan | Collection code | Permanent Location | Current Location | Shelving location | Date acquired | Total Checkouts | Full call number | Date last seen | Copy number | Koha item type | Source of acquisition | Cost, normal purchase price |
|---|---|---|---|---|---|---|---|---|---|---|---|---|---|---|---|
| Dewey Decimal Classification | Non-fiction | Central Library, University of Rajshahi | Central Library, University of Rajshahi | 06/02/2014 | 598.0954 ALH V-6 1971 | 06/02/2014 | C-2 | Books | |||||||
| Dewey Decimal Classification | Not For Loan | Non-fiction | Central Library, University of Rajshahi | Central Library, University of Rajshahi | Reading Room | 20/08/1973 | 598.0954 ALH V-1 1968 | 14/03/2017 | C-1 | Books | Oxford university | 125.00 | |||
| Dewey Decimal Classification | Not For Loan | Non-fiction | Central Library, University of Rajshahi | Central Library, University of Rajshahi | Reading Room | 20/08/1973 | 598.0954 ALH V-2 1971 | 22/03/2017 | C-1 | Books | Oxford university press | 112.50 | |||
| Dewey Decimal Classification | Not For Loan | Non-fiction | Central Library, University of Rajshahi | Central Library, University of Rajshahi | Reading Room | 24/06/1974 | 598.0954 ALH V-5 1972 | 27/05/2017 | C-1 | Books | India Govt. | ||||
| Dewey Decimal Classification | Not For Loan | Non-fiction | Central Library, University of Rajshahi | Central Library, University of Rajshahi | Reading Room | 24/06/1974 | 598.0954 ALH V-3 1969 | 27/05/2017 | C-1 | Books | India Govt. | ||||
| Dewey Decimal Classification | Not For Loan | Non-fiction | Central Library, University of Rajshahi | Central Library, University of Rajshahi | Reading Room | 24/06/1974 | 598.0954 ALH V-4 1970 | 27/05/2017 | C-1 | Books | India Govt. | ||||
| Dewey Decimal Classification | Not For Loan | Non-fiction | Central Library, University of Rajshahi | Central Library, University of Rajshahi | Reading Room | 20/08/1973 | 598.0954 ALH V-7 1972 | 27/05/2017 | C-1 | Books | oxford university- press | 112.50 | |||
| Dewey Decimal Classification | Non-fiction | Central Library, University of Rajshahi | Central Library, University of Rajshahi | 20/08/1973 | 598.0954 ALH V-6 1971 | 27/05/2017 | C-3 | Books | oxford university- press | 112.50 | |||||
| Dewey Decimal Classification | Non-fiction | Central Library, University of Rajshahi | Central Library, University of Rajshahi | 20/08/1973 | 598.0954 ALH V-3 1969 | 27/05/2017 | C-2 | Books | oxford university- press | 112.50 | |||||
| Dewey Decimal Classification | Non-fiction | Central Library, University of Rajshahi | Central Library, University of Rajshahi | 20/08/1973 | 598.0954 ALH V-4 1970 | 27/05/2017 | C-2 | Books | oxford university- press | 112.50 | |||||
| Dewey Decimal Classification | Non-fiction | Central Library, University of Rajshahi | Central Library, University of Rajshahi | 24/06/1974 | 598.0954 ALH V-2 1969 | 27/05/2017 | C-2 | Books | India Govt. | 112.50 |